| 000 | 00502nam a2200193Ia 4500 | ||
|---|---|---|---|
| 005 | 20250610105037.0 | ||
| 008 | 008 250505s9999 xx 000 0 eng d | ||
| 020 | _a9789388548366 | ||
| 040 |
_beng _cILCL |
||
| 041 |
_aeng _2eng |
||
| 084 | _aZ2,2,4 Q9 | ||
| 100 | _aSingh, Avtar | ||
| 245 | 0 | _aTextbook on The Transfer of Property Act | |
| 250 | _a6 | ||
| 260 |
_aHaryana _bLexis Nexis _c2019 |
||
| 300 | _alxvi,461p. | ||
| 700 | _aKaur, Harpreet | ||
| 942 |
_cTB _2Colon Classification |
||
| 999 |
_c1312447 _d1312447 |
||